கட்டுரை மலர் : தரம் - 3,4,5 /
Saved in:
| Format: | Book |
|---|---|
| Language: | English Tamil |
| Published: |
கொழும்பு :
பதனம வெளியீடு ;
|
| Subjects: | |
| Tags: |
Add Tag
No Tags, Be the first to tag this record!
|
MARC
| LEADER | 00000nam a22000007a 4500 | ||
|---|---|---|---|
| 005 | 20260411122242.0 | ||
| 008 | 260411b |||||||| |||| 00| 0 eng d | ||
| 020 | |a 9786245958184 | ||
| 041 | |a tam | ||
| 082 | |a 816 |b கட்டு | ||
| 245 | |a கட்டுரை மலர் : |b தரம் - 3,4,5 / | ||
| 260 | |a கொழும்பு : |b பதனம வெளியீடு ; | ||
| 300 | |a xxiv + 178 பக். |c 6.5 Cm. | ||
| 650 | |a essays கட்டுரைகள் |9 117277 | ||
| 942 | |c BK | ||
| 999 | |c 71305 |d 71305 | ||